|
|
|
|
| LEADER |
01108nam a2200277 a 4500 |
| 001 |
13386304 |
| 008 |
091004s2004 dcua b 001 0 eng d |
| 010 |
|
|
|a 2003064619
|
| 020 |
|
|
|a 0821356852
|
| 040 |
|
|
|a DLC
|c DLC
|d DLC
|
| 082 |
0 |
0 |
|a 363.34
|2 22
|
| 100 |
1 |
|
|a Benson, Charlotte.
|
| 245 |
1 |
0 |
|a Understanding the economic and financial impacts of natural disasters /
|c Charlotte Benson, Edward Clay.
|
| 260 |
|
|
|a Washington, DC :
|b World Bank,
|c 2004.
|
| 300 |
|
|
|a x, 119 p. :
|b ill. ;
|c 28 cm.
|
| 490 |
0 |
|
|a Disaster risk management series ;
|v no. 4
|
| 504 |
|
|
|a Includes bibliographical references (p. [107]-111) and index.
|
| 541 |
1 |
|
|e 00012983
|
| 650 |
|
0 |
|a Natural disasters
|x Economic aspects.
|
| 650 |
|
0 |
|a Natural disasters
|x Planning.
|
| 650 |
|
0 |
|a Emergency management.
|
| 650 |
|
0 |
|a Disaster relief.
|
| 700 |
1 |
|
|a Clay, Edward J.
|
| 852 |
4 |
|
|a Ayesha Abed Library
|j General shelf
|
| 999 |
|
|
|c 4480
|d 4480
|
| 952 |
|
|
|0 0
|1 0
|2 ddc
|4 0
|6 363_340000000000000_BEN
|7 0
|9 4195
|a BRACUL
|b BRACUL
|c GEN
|d 2009-10-11
|g 0.00
|l 0
|o 363.34 BEN
|p 3010012983
|r 2009-10-11
|t 1
|w 2009-10-11
|y BK
|x No price found in the accession register.
|